000 00977nam a2200277 i 4500
001 000026934
003 DO-SdBNP
005 20240112132350.0
007 ta
008 110328s1991 ht a 000 | hat d
040 _aDO-SdBNP
_bspa
_cBNPHU
_erda
082 4 _a327.729307294
_bA977re
_222
245 0 0 _aAyiti , República Dominicana :
_bau seuil des années 90 /
_cintroducción de Susy Castor.
264 _aPuerto-Principe, Haití :
_bCentre de Recherches Sociales,
_c1991.
300 _a159 páginas :
_bilustraciones ;
_c22 cm.
336 _2rdacontent
_atexto
_btxt
337 _2rdamedia
_asin mediación
_bn
338 _2rdacarrier
_avolumen
_bnc
490 0 _aDossier Haiti ;
_v4
590 _aInventariado, 2023/MFF
651 4 _aHaití
_xRelaciones
_zRepública Dominicana
_92614
651 4 _aRepública Dominicana
_xRelaciones
_zHaití
_95153
700 1 _aCastor, Susy,
_eintroducción
_954035
910 _aValidado. Control de calidad MFF
942 _2ddc
_cLBS1
999 _c26426
_d26426